Fr. Conceicao Rodrigues College of Engineering

Complete Reference :My SQL (Record no. 35732)

MARC details
000 -LEADER
fixed length control field 00349nam a2200169Ia 4500
082 ## - DEWEY DECIMAL CLASSIFICATION NUMBER
Classification number 5.133
Item number VAS
100 ## - MAIN ENTRY--PERSONAL NAME
Personal name Vaswani/ Vikram
245 ## - TITLE STATEMENT
Title Complete Reference :My SQL
260 ## - PUBLICATION, DISTRIBUTION, ETC.
Name of publisher, distributor, etc. Tata McGraw Hill
Date of publication, distribution, etc. 2004
366 ## - TRADE AVAILABILITY INFORMATION
Publishers's discount category 25
300 ## - PHYSICAL DESCRIPTION
Extent 540
546 ## - LANGUAGE NOTE
Language note ENGLISH
-- PAMPHALETS
650 ## - SUBJECT ADDED ENTRY--TOPICAL TERM
Topical term or geographic name entry element SQL
654 ## - SUBJECT ADDED ENTRY--FACETED TOPICAL TERMS
Focus term SQL
942 ## - ADDED ENTRY ELEMENTS (KOHA)
Koha item type BOOK
Holdings
Withdrawn status Lost status Damaged status Not for loan Collection Home library Current library Date acquired Source of acquisition Cost, normal purchase price Inventory number Total Checkouts Full call number Barcode Date last seen Cost, replacement price Price effective from Koha item type
        CRC Fr. Agnel's C.Rodrigues College of Engineering Fr. Agnel's C.Rodrigues College of Engineering 17/03/2023 Dharma Enterprises 393.75 524 dt 29/04/2010   5.133 VAS 20515 17/03/2023 525.00   BOOK